<?xml version="1.0" encoding="UTF-8"?>
<collection xmlns="http://www.loc.gov/MARC21/slim">
 <record>
  <leader>05309nam a22005415i 4500</leader>
  <controlfield tag="001">978-1-4471-7367-0</controlfield>
  <controlfield tag="003">DE-He213</controlfield>
  <controlfield tag="005">20210620105857.0</controlfield>
  <controlfield tag="007">cr nn 008mamaa</controlfield>
  <controlfield tag="008">181004s2018    xxk|    s    |||| 0|eng d</controlfield>
  <datafield tag="020" ind1=" " ind2=" ">
   <subfield code="a">9781447173670</subfield>
   <subfield code="9">978-1-4471-7367-0</subfield>
  </datafield>
  <datafield tag="024" ind1="7" ind2=" ">
   <subfield code="a">10.1007/978-1-4471-7367-0</subfield>
   <subfield code="2">doi</subfield>
  </datafield>
  <datafield tag="050" ind1=" " ind2="4">
   <subfield code="a">QA76.9.U83</subfield>
  </datafield>
  <datafield tag="050" ind1=" " ind2="4">
   <subfield code="a">QA76.9.H85</subfield>
  </datafield>
  <datafield tag="072" ind1=" " ind2="7">
   <subfield code="a">UYZG</subfield>
   <subfield code="2">bicssc</subfield>
  </datafield>
  <datafield tag="072" ind1=" " ind2="7">
   <subfield code="a">COM070000</subfield>
   <subfield code="2">bisacsh</subfield>
  </datafield>
  <datafield tag="072" ind1=" " ind2="7">
   <subfield code="a">UYZG</subfield>
   <subfield code="2">thema</subfield>
  </datafield>
  <datafield tag="082" ind1="0" ind2="4">
   <subfield code="a">005.437</subfield>
   <subfield code="2">23</subfield>
  </datafield>
  <datafield tag="082" ind1="0" ind2="4">
   <subfield code="a">4.019</subfield>
   <subfield code="2">23</subfield>
  </datafield>
  <datafield tag="100" ind1="1" ind2=" ">
   <subfield code="a">Candy, Linda.</subfield>
   <subfield code="e">author.</subfield>
   <subfield code="4">aut</subfield>
   <subfield code="4">http://id.loc.gov/vocabulary/relators/aut</subfield>
  </datafield>
  <datafield tag="245" ind1="1" ind2="0">
   <subfield code="a">Explorations in Art and Technology</subfield>
   <subfield code="h">[electronic resource] /</subfield>
   <subfield code="c">by Linda Candy, Ernest Edmonds, Fabrizio Poltronieri.</subfield>
  </datafield>
  <datafield tag="250" ind1=" " ind2=" ">
   <subfield code="a">2nd ed. 2018.</subfield>
  </datafield>
  <datafield tag="264" ind1=" " ind2="1">
   <subfield code="a">London :</subfield>
   <subfield code="b">Springer London :</subfield>
   <subfield code="b">Imprint: Springer,</subfield>
   <subfield code="c">2018.</subfield>
  </datafield>
  <datafield tag="300" ind1=" " ind2=" ">
   <subfield code="a">XXXVII, 390 p. 85 illus., 51 illus. in color.</subfield>
   <subfield code="b">online resource.</subfield>
  </datafield>
  <datafield tag="336" ind1=" " ind2=" ">
   <subfield code="a">text</subfield>
   <subfield code="b">txt</subfield>
   <subfield code="2">rdacontent</subfield>
  </datafield>
  <datafield tag="337" ind1=" " ind2=" ">
   <subfield code="a">computer</subfield>
   <subfield code="b">c</subfield>
   <subfield code="2">rdamedia</subfield>
  </datafield>
  <datafield tag="338" ind1=" " ind2=" ">
   <subfield code="a">online resource</subfield>
   <subfield code="b">cr</subfield>
   <subfield code="2">rdacarrier</subfield>
  </datafield>
  <datafield tag="347" ind1=" " ind2=" ">
   <subfield code="a">text file</subfield>
   <subfield code="b">PDF</subfield>
   <subfield code="2">rda</subfield>
  </datafield>
  <datafield tag="490" ind1="1" ind2=" ">
   <subfield code="a">Springer Series on Cultural Computing,</subfield>
   <subfield code="x">2195-9056</subfield>
  </datafield>
  <datafield tag="505" ind1="0" ind2=" ">
   <subfield code="a">Foreword -- Preface -- Acknowledgements -- Author Biographies -- Part 1: History -- Between Worshipers, Priests and the Nuke: an Introduction to the Cultural and Social History of Early Computer Art -- A Million Millennial Medicis -- Structure in Art Practice -- From Zombies to Cyborg Bodies -- From Zombies to Cyborg Bodies -- Algorithmic Fine Art -- The Computer: an Intrusive Influence -- Digital Art in Brazil -- Part 2: Environments -- New Directions for Art and Technology -- An Observer’s Reflections: The Artist Considered as Expert -- Realizing Digital Artworks -- Being Supportive -- Working with Artists -- Demaking the High Heeled Shoe -- The Artist as Digital Explorer -- Part 3: Research -- Creating Graspable Water in 3D Space -- Contemporary Totemism -- Integrating Computers as Explorers in Art Practice -- Hybrid to Simulated Invention -- Playing with Rhythm and Technology -- Differentiating Interaction -- Acknowledging Perimeters for Technology and Art -- localStyle&gt;forward -- Chance, Poetry and Computational Art: The Visual Theogonies -- Self-Portraying an Absence -- Part 4: Collaboration -- Making Light Sculptures in Suspended Space: A Creative Collaboration -- Drawing Spaces -- Collaborative Practice in Systems Art -- Creativity, Technology and Collaboration:Towards Hoped-for and Unexpected Serendipities -- Collaborative Creation in Interactive Theatre  -- Collaboration, the Color Organ and Gridjam -- Creating Interactive Art: Conceptual and Technological Considerations -- Post Fail: IOCOSE Collaborative Failures -- Speculative Apparatuses: Notes on an Artistic Project -- Index .</subfield>
  </datafield>
  <datafield tag="520" ind1=" " ind2=" ">
   <subfield code="a">This edition revises the original core chapters and adds 15 contributions from artists who shed new light on the progress made in the early decades of the 21st Century. Explorations in Art and Technology is about the creative process in action, seen through the eyes of practitioners and researchers. It brings together artists, technologists and researchers who have written about emerging correspondences between virtual and physical worlds, between human and machine processes, between abstract concepts and their physical realizations, between music and visualization and between film and painting. It is a story of new visions and new forms. First published in 2002, this revised edition updates much of the original material and adds contributions from fifteen artists who shed new light on the progress that has been made in the early decades of the 21st Century. The book describes how artists have conceived and made novel digital works from a historical perspective and how inter-disciplinary research has had a profound effect on the take up of digital technology in the wider community. It shows that a practice-based action research approach to case studies of artist residencies enabled art and technology practitioners to take a significant role in the research and explores the nature of collaboration in this context. What emerges is a compelling story of inspirational creative work in a field that is transforming traditional norms in both art and technology. .</subfield>
  </datafield>
  <datafield tag="650" ind1=" " ind2="0">
   <subfield code="a">User interfaces (Computer systems).</subfield>
  </datafield>
  <datafield tag="650" ind1=" " ind2="0">
   <subfield code="a">Application software.</subfield>
  </datafield>
  <datafield tag="650" ind1="1" ind2="4">
   <subfield code="a">User Interfaces and Human Computer Interaction.</subfield>
   <subfield code="0">https://scigraph.springernature.com/ontologies/product-market-codes/I18067</subfield>
  </datafield>
  <datafield tag="650" ind1="2" ind2="4">
   <subfield code="a">Computer Appl. in Arts and Humanities.</subfield>
   <subfield code="0">https://scigraph.springernature.com/ontologies/product-market-codes/I23036</subfield>
  </datafield>
  <datafield tag="700" ind1="1" ind2=" ">
   <subfield code="a">Edmonds, Ernest.</subfield>
   <subfield code="e">author.</subfield>
   <subfield code="4">aut</subfield>
   <subfield code="4">http://id.loc.gov/vocabulary/relators/aut</subfield>
  </datafield>
  <datafield tag="700" ind1="1" ind2=" ">
   <subfield code="a">Poltronieri, Fabrizio.</subfield>
   <subfield code="e">author.</subfield>
   <subfield code="4">aut</subfield>
   <subfield code="4">http://id.loc.gov/vocabulary/relators/aut</subfield>
  </datafield>
  <datafield tag="710" ind1="2" ind2=" ">
   <subfield code="a">SpringerLink (Online service)</subfield>
  </datafield>
  <datafield tag="773" ind1="0" ind2=" ">
   <subfield code="t">Springer Nature eBook</subfield>
  </datafield>
  <datafield tag="776" ind1="0" ind2="8">
   <subfield code="i">Printed edition:</subfield>
   <subfield code="z">9781447173663</subfield>
  </datafield>
  <datafield tag="776" ind1="0" ind2="8">
   <subfield code="i">Printed edition:</subfield>
   <subfield code="z">9781447173687</subfield>
  </datafield>
  <datafield tag="776" ind1="0" ind2="8">
   <subfield code="i">Printed edition:</subfield>
   <subfield code="z">9781447174349</subfield>
  </datafield>
  <datafield tag="830" ind1=" " ind2="0">
   <subfield code="a">Springer Series on Cultural Computing,</subfield>
   <subfield code="x">2195-9056</subfield>
  </datafield>
  <datafield tag="856" ind1="4" ind2="0">
   <subfield code="u">https://doi.org/10.1007/978-1-4471-7367-0</subfield>
  </datafield>
  <datafield tag="912" ind1=" " ind2=" ">
   <subfield code="a">ZDB-2-SCS</subfield>
  </datafield>
  <datafield tag="912" ind1=" " ind2=" ">
   <subfield code="a">ZDB-2-SXCS</subfield>
  </datafield>
  <datafield tag="950" ind1=" " ind2=" ">
   <subfield code="a">Computer Science (SpringerNature-11645)</subfield>
  </datafield>
  <datafield tag="950" ind1=" " ind2=" ">
   <subfield code="a">Computer Science (R0) (SpringerNature-43710)</subfield>
  </datafield>
 </record>
</collection>
